000 00685nam a22002417a 4500
003 UA-OsUOA
001 87937
007 ta
008 20120926b un ||||| |||| 00| 0 ukr d
100 _aФедорова М.Е.
700 _aСумникова Т.А.
090 _a821.161.1
_bФ 33
942 _cBK
040 _aUA-OsUOA
_brus
_cUA-OsUOA
_dUA-OsUOA
245 _aХрестоматия по древнерусской литературе
300 _a255 с.
955 _a2
041 _arus
080 _a821.161.1
260 _aМ.
_bВысшая школа
_c1985
650 7 _a82 Література. Літературознавство
_2UDC
999 _c374910
_d374910